[Event "Mersin op 7th"]
[Site "Mersin"]
[Date "2023.11.15"]
[Round "5"]
[White "Rzayev, Chingiz Qafar Oglu"]
[Black "Tavoosi Rad, Ramtin"]
[Result "1/2-1/2"]
[WhiteElo "2088"]
[BlackElo "2026"]
[PlyCount "108"]
[EventDate "2023.11.12"]
[EventType "swiss"]
[EventRounds "9"]
[EventCountry "TUR"]
[SourceTitle "CB47_2023"]
[SourceDate "2023.11.22"]
[SourceVersion "1"]
[SourceVersionDate "2023.11.22"]
[SourceQuality "1"]

1. e4 c5 2. Nc3 Nc6 3. f4 g6 4. Nf3 Bg7 5. Bb5 Nd4 6. Nxd4 Bxd4 7. e5 a6 8. Bf1 c4 9. Bxc4 d6 10. Qf3 Nh6 11. d3 0-0 12. Be3 dxe5 13. fxe5 Ng4 14. Bxd4 Qxd4 15. 0-0-0 Nxe5 16. Qe4 Qxe4 17. Nxe4 Bg4 18. Rde1 Nxc4 19. dxc4 Rac8 20. b3 Rc7 21. Nc3 Be6 22. a4 Rd8 23. Rd1 Rcd7 24. Rxd7 Rxd7 25. Rd1 f5 26. c5 Rc7 27. b4 a5 28. Rd8+ Kf7 29. Nb5 Rd7 30. Rxd7 Bxd7 31. bxa5 Ke6 32. c4 Bc6 33. g3 Kd7 34. Kd2 e5 35. Nc3 Ke6 36. a6 bxa6 37. a5 g5 38. Na2 h5 39. Nb4 Bb7 40. c6 Bc8 41. Nd5 Kd6 42. h4 gxh4 43. gxh4 Kxc6 44. Nf6 Kc5 45. Nxh5 Kd4 46. Nf6 e4 47. Nd5 Be6 48. h5 Bf7 49. h6 Bg6 50. Nf4 Bh7 51. Ne6+ Kxc4 52. Ke3 Kd5 53. Ng5 Bg8 54. h7 Bxh7 1/2-1/2

[Event "Mersin op 7th"]
[Site "Mersin"]
[Date "2023.11.15"]
[Round "6"]
[White "Tavoosi Rad, Ramtin"]
[Black "Tarhan, Adar"]
[Result "1-0"]
[WhiteElo "2026"]
[BlackElo "2434"]
[PlyCount "65"]
[EventDate "2023.11.12"]
[EventType "swiss"]
[EventRounds "9"]
[EventCountry "TUR"]
[SourceTitle "CB47_2023"]
[SourceDate "2023.11.22"]
[SourceVersion "1"]
[SourceVersionDate "2023.11.22"]
[SourceQuality "1"]

1. c4 e5 2. Nc3 Nf6 3. g3 Bb4 4. Bg2 0-0 5. Nf3 Re8 6. 0-0 c6 7. Qb3 Na6 8. a3 Bf8 9. d4 e4 10. Ng5 d5 11. cxd5 cxd5 12. f3 exf3 13. Bxf3 Nc7 14. Bf4 Bd6 15. Bxd6 Qxd6 16. e4 Qe7 17. e5 Ng4 18. Nxf7 Qxf7 19. Bxd5 Qxd5 20. Nxd5 Be6 21. h3 Nh6 22. Nf6+ gxf6 23. Qxb7 Nd5 24. exf6 Bf7 25. Rae1 Reb8 26. Qc6 Rc8 27. Qd6 Kh8 28. Re7 Rd8 29. Qe5 Rac8 30. Qg5 Rg8 31. Qxh6 Rxg3+ 32. Kh2 Rg6 33. Qg7+ 1-0

[Event "Mersin op 7th"]
[Site "Mersin"]
[Date "2023.11.13"]
[Round "2"]
[White "Tavoosi Rad, Ramtin"]
[Black "Gleizerov, Evgeny"]
[Result "0-1"]
[WhiteElo "2026"]
[BlackElo "2382"]
[PlyCount "96"]
[EventDate "2023.11.12"]
[EventType "swiss"]
[EventRounds "9"]
[EventCountry "TUR"]
[SourceTitle "CB47_2023"]
[SourceDate "2023.11.22"]
[SourceVersion "1"]
[SourceVersionDate "2023.11.22"]
[SourceQuality "1"]

1. c4 e5 2. Nc3 Nc6 3. g3 g6 4. Bg2 Bg7 5. e3 Nf6 6. Nge2 0-0 7. 0-0 d6 8. a3 Be6 9. Nd5 Qd7 10. Nec3 Ne8 11. d3 Bh3 12. Rb1 Bxg2 13. Kxg2 Nd8 14. Qa4 Qxa4 15. Nxa4 c6 16. Ndc3 Nc7 17. Ne2 Nde6 18. b4 b5 19. cxb5 cxb5 20. Nac3 d5 21. Bd2 f5 22. Na2 d4 23. exd4 exd4 24. Nac1 Nd5 25. Nb3 g5 26. Nc5 Rae8 27. Rfe1 f4 28. gxf4 gxf4 29. Ng1 Nxc5 30. bxc5 Nc3 31. Rxe8 Rxe8 32. Re1 Rxe1 33. Bxe1 Kf7 34. Nh3 Bh6 35. Kf3 Ke6 36. Nxf4+ Bxf4 37. Kxf4 a5 38. Bd2 b4 39. axb4 axb4 40. Kg5 b3 41. Bc1 Nd1 42. f4 b2 43. Bxb2 Nxb2 44. f5+ Kd5 45. f6 Nxd3 46. c6 Kxc6 47. f7 Nc5 48. f8N d3 0-1

[Event "Rasht Gilan Cup 1st"]
[Site "Rasht"]
[Date "2022.07.12"]
[Round "5"]
[White "Atabayev, Saparmyrat"]
[Black "Tavoosi Rad, Ramtin"]
[Result "1/2-1/2"]
[WhiteElo "2447"]
[BlackElo "2112"]
[PlyCount "100"]
[EventDate "2022.07.09"]
[EventType "swiss"]
[EventRounds "9"]
[EventCountry "IRI"]
[SourceTitle "CBM 209 Extra"]
[Source "ChessBase"]
[SourceDate "2022.09.30"]
[SourceVersion "1"]
[SourceVersionDate "2022.09.30"]
[SourceQuality "1"]

1. e4 e5 2. Nf3 Nf6 3. Nxe5 d6 4. Nf3 Nxe4 5. Nc3 Nxc3 6. dxc3 Be7 7. Bf4 Nc6 8. Qd2 Be6 9. 0-0-0 Qd7 10. Ng5 Bxg5 11. Bxg5 f6 12. Bf4 a6 13. c4 0-0-0 14. Qc3 Ne5 15. b3 Qc6 16. Qd4 Nd7 17. Bd3 Nc5 18. Be2 Bf5 19. Bf3 Be4 20. Bg4+ f5 21. Bh3 Ne6 22. Qe3 Nxf4 23. Qxf4 Bxg2 24. Bxg2 Qxg2 25. Rhg1 Qe4 26. Qxe4 fxe4 27. Rxg7 Rd7 28. Rg2 Rf8 29. Kd2 Rdf7 30. Ke2 Rf4 31. Rd5 Kd7 32. Rdg5 Ke6 33. Rg7 R8f7 34. Rxf7 Kxf7 35. Rg3 Rh4 36. h3 b5 37. cxb5 axb5 38. a4 bxa4 39. bxa4 e3 40. f4 Rxf4 41. Rf3 Rxf3 42. Kxf3 Ke6 43. c4 Kd7 44. Kxe3 Kc6 45. Kd4 Kb6 46. Kd5 Ka5 47. Kc6 Kxa4 48. Kxc7 Kb4 49. Kxd6 Kxc4 50. Ke5 h5 1/2-1/2

[Event "IRI-chT 17th"]
[Site "Rasht"]
[Date "2018.11.01"]
[Round "3.2"]
[White "Tavoosi Rad, Ramtin"]
[Black "Golizadeh, Asghar"]
[Result "1/2-1/2"]
[WhiteElo "2058"]
[BlackElo "2466"]
[PlyCount "147"]
[EventDate "2018.10.31"]
[EventType "team-swiss"]
[EventRounds "7"]
[EventCountry "IRI"]
[SourceTitle "CBM 187 Extra"]
[Source "ChessBase"]
[SourceDate "2018.11.04"]
[SourceVersion "1"]
[SourceVersionDate "2018.11.04"]
[SourceQuality "1"]
[WhiteTeam "Rasht Donyaye Felez"]
[BlackTeam "Tehran Saipa"]
[WhiteTeamCountry "IRI"]
[BlackTeamCountry "IRI"]

1. c4 c5 2. Nf3 g6 3. e3 Nf6 4. Nc3 Bg7 5. d4 0-0 6. d5 e6 7. Bd3 exd5 8. cxd5 d6 9. h3 a6 10. a4 Nbd7 11. e4 Re8 12. 0-0 Ne5 13. Nxe5 Rxe5 14. Bf4 Re8 15. Re1 Nh5 16. Bh2 Be5 17. Bxe5 Rxe5 18. Qf3 Bd7 19. Qe3 Qh4 20. Ne2 Rae8 21. f4 R5e7 22. Qf2 Qxf2+ 23. Kxf2 f5 24. e5 dxe5 25. d6 Rg7 26. fxe5 Rxe5 27. Nc3 Rxe1 28. Rxe1 Nf6 29. Re5 Kf8 30. Rxc5 Ne8 31. Rd5 Bc6 32. Rc5 Bd7 33. Rd5 Rf7 34. b4 Rf6 35. b5 a5 36. Be2 b6 37. Rd4 Re6 38. Bf3 Nxd6 39. Nd5 Nc8 40. Nf4 Rd6 41. Rxd6 Nxd6 42. Nd5 Nc8 43. Ke3 Kf7 44. Kd4 Ke6 45. g4 h6 46. Nf4+ Kf6 47. Kd5 fxg4 48. hxg4 Be8 49. Be2 Bd7 50. Bf3 Be8 51. Be2 g5 52. Nd3 Bf7+ 53. Kc6 Bb3 54. Kc7 Bxa4 55. Nb2 Bxb5 56. Bxb5 Ne7 57. Kxb6 Nd5+ 58. Kxa5 Ke5 59. Bd7 Nf6 60. Bc8 Ke4 61. Kb4 Kf3 62. Kc3 Nxg4 63. Kd2 Nh2 64. Ke1 h5 65. Bb7+ Kg3 66. Nd3 g4 67. Ke2 h4 68. Ne5 h3 69. Bh1 Kh4 70. Kf2 g3+ 71. Kg1 Kh5 72. Bc6 Kg5 73. Nf3+ Nxf3+ 74. Bxf3 1/2-1/2

[Event "Hamedan op 17th"]
[Site "Hamedan"]
[Date "2018.08.11"]
[Round "4"]
[White "Tavoosi Rad, Ramtin"]
[Black "Hosseinzadeh, Nima"]
[Result "1/2-1/2"]
[WhiteElo "2042"]
[BlackElo "2299"]
[PlyCount "100"]
[EventDate "2018.08.09"]
[EventType "swiss"]
[EventRounds "11"]
[EventCountry "IRI"]
[SourceTitle "CBM 186 Extra"]
[Source "ChessBase"]
[SourceDate "2018.08.24"]
[SourceVersion "1"]
[SourceVersionDate "2018.08.24"]
[SourceQuality "1"]

1. d4 Nf6 2. c4 e6 3. Nc3 Bb4 4. e3 0-0 5. Bd3 d5 6. Nge2 dxc4 7. Bxc4 c5 8. 0-0 Bxc3 9. Nxc3 cxd4 10. exd4 Nc6 11. Be3 b6 12. a3 Bb7 13. Bb3 Na5 14. Bc2 h6 15. Qd3 Rc8 16. Bf4 Nc4 17. Rab1 Qd7 18. Be5 Nxe5 19. dxe5 Qxd3 20. Bxd3 Rfd8 21. exf6 Rxd3 22. fxg7 Rd2 23. Rfd1 Rcd8 24. Kf1 Kxg7 25. f3 Kf6 26. Ke1 Rxd1+ 27. Rxd1 Rxd1+ 28. Kxd1 Ke5 29. Kd2 Kd4 30. Ne2+ Kc4 31. Kc2 Ba6 32. Ng3 Kd4 33. Kd2 f5 34. Nh5 e5 35. Nf6 Bc8 36. h4 e4 37. fxe4 fxe4 38. Ng8 e3+ 39. Ke1 h5 40. Nf6 Bb7 41. Nxh5 Bxg2 42. Ng3 Kd3 43. h5 Bd5 44. Nf5 Be4 45. Nd6 Bh7 46. Nc8 Kc2 47. Nxa7 Kxb2 48. Nc8 b5 49. Nd6 Bd3 50. h6 Kxa3 1/2-1/2

[Event "Yerevan op 2nd"]
[Site "Yerevan"]
[Date "2017.09.27"]
[Round "9"]
[White "Tavoosi Rad, Ramtin"]
[Black "Boyajyan, Hayk"]
[Result "0-1"]
[WhiteElo "2070"]
[BlackElo "1848"]
[PlyCount "92"]
[EventDate "2017.09.19"]
[EventType "swiss"]
[EventRounds "9"]
[EventCountry "ARM"]
[SourceTitle "EXT 2018"]
[Source "ChessBase"]
[SourceDate "2017.10.13"]
[SourceVersion "1"]
[SourceVersionDate "2017.10.13"]
[SourceQuality "1"]

1. e4 c5 2. Nc3 d6 3. g3 g6 4. Bg2 Bg7 5. d3 Nc6 6. f4 e6 7. Nf3 Nge7 8. Be3 Nd4 9. 0-0 0-0 10. e5 Nef5 11. Bf2 Nxf3+ 12. Bxf3 dxe5 13. fxe5 Bxe5 14. Bxc5 Bd4+ 15. Bxd4 Qxd4+ 16. Rf2 e5 17. Qe2 f6 18. Rb1 Rb8 19. Qe4 Be6 20. a3 b5 21. Qc6 Rb6 22. Qe4 Kg7 23. Qxd4 Nxd4 24. Bg2 Rc8 25. Rc1 b4 26. Ne4 bxa3 27. bxa3 Bg4 28. Kf1 f5 29. Ng5 h6 30. Nf3 Bxf3 31. Bxf3 Rc3 32. a4 e4 33. Be2 Nxe2 34. Rxe2 exd3 35. Re7+ Kf6 36. Rc7 Rxc2 37. Rd1 Rxh2 38. Kg1 Ra2 39. Rd7 Rxa4 40. R7xd3 Ra2 41. Rc3 Rab2 42. Rdc1 Rb1 43. Rxb1 Rxb1+ 44. Kf2 Kg5 45. Kf3 Rb7 46. Ra3 h5 0-1

[Event "Yerevan op 2nd"]
[Site "Yerevan"]
[Date "2017.09.25"]
[Round "7"]
[White "Tavoosi Rad, Ramtin"]
[Black "Mesropian, Khachatur"]
[Result "1-0"]
[WhiteElo "2070"]
[BlackElo "1974"]
[PlyCount "71"]
[EventDate "2017.09.19"]
[EventType "swiss"]
[EventRounds "9"]
[EventCountry "ARM"]
[SourceTitle "EXT 2018"]
[Source "ChessBase"]
[SourceDate "2017.10.13"]
[SourceVersion "1"]
[SourceVersionDate "2017.10.13"]
[SourceQuality "1"]

1. e4 c5 2. Nc3 Nc6 3. g3 g6 4. Bg2 Bg7 5. d3 d6 6. f4 e5 7. Nf3 Nge7 8. Be3 Nd4 9. 0-0 Bg4 10. Nd5 Nxd5 11. exd5 exf4 12. Bxf4 0-0 13. c3 Nxf3+ 14. Bxf3 Bxf3 15. Qxf3 Qd7 16. Rae1 h6 17. g4 Kh7 18. Bg3 Kg8 19. Re2 f5 20. Re6 f4 21. Bf2 g5 22. Rfe1 Rae8 23. Qe4 Rxe6 24. dxe6 Qe7 25. d4 b6 26. d5 Be5 27. Qf3 Kg7 28. Kg2 Qf6 29. h4 h5 30. gxh5 Kh6 31. Kh1 Rg8 32. Qg4 Rg7 33. Rg1 Qe7 34. hxg5+ Kh7 35. g6+ Kh8 36. h6 1-0

[Event "Yerevan op 2nd"]
[Site "Yerevan"]
[Date "2017.09.23"]
[Round "5"]
[White "Tavoosi Rad, Ramtin"]
[Black "Tavakalyan, Azat"]
[Result "1-0"]
[WhiteElo "2070"]
[BlackElo "1867"]
[PlyCount "145"]
[EventDate "2017.09.19"]
[EventType "swiss"]
[EventRounds "9"]
[EventCountry "ARM"]
[SourceTitle "CBM 180 Extra"]
[Source "ChessBase"]
[SourceDate "2017.10.06"]
[SourceVersion "1"]
[SourceVersionDate "2017.10.06"]
[SourceQuality "1"]

1. e4 e5 2. Nf3 Nf6 3. Nxe5 d6 4. Nf3 Nxe4 5. Nc3 Nxc3 6. dxc3 Be7 7. Bd3 Bg4 8. Be3 Nc6 9. h3 Bh5 10. Be4 Qd7 11. Qd2 0-0-0 12. Qd5 Bg6 13. Bxg6 fxg6 14. Nd4 Rde8 15. Nxc6 Qxc6 16. Qxc6 bxc6 17. 0-0 c5 18. c4 Bf6 19. Rab1 Re4 20. b3 Rhe8 21. Rbd1 g5 22. Rd5 h6 23. a4 Kb7 24. Rfd1 Kc6 25. Kf1 Bc3 26. R5d3 Bf6 27. g3 a6 28. Kg2 Bd4 29. Bxd4 Rxd4 30. Rxd4 cxd4 31. Rxd4 Re2 32. c3 Rb2 33. b4 Ra2 34. a5 Rc2 35. Rd3 Kb7 36. Kf3 Kc6 37. Ke3 Kb7 38. g4 c5 39. b5 Kc7 40. Ke4 Ra2 41. bxa6 Rxa5 42. Kd5 Kd7 43. Rf3 Ke7 44. Re3+ Kd7 45. Re6 Rxa6 46. Rg6 Ra3 47. Rxg7+ Kc8 48. Kxd6 Rxc3 49. Kxc5 Rxh3 50. Rf7 Rh4 51. f3 h5 52. gxh5 Rxh5 53. Rf5 Rh3 54. Kd5 Rg3 55. c5 g4 56. f4 Rf3 57. Kd6 Rd3+ 58. Kc6 g3 59. Rg5 Kd8 60. f5 Rf3 61. Kd6 Rd3+ 62. Ke6 Re3+ 63. Kf7 Re5 64. Kf6 Rxc5 65. Rxg3 Ke8 66. Rg8+ Kd7 67. Kg6 Rc2 68. f6 Rf2 69. Kf7 Rf1 70. Rg2 Rd1 71. Kg7 Rf1 72. f7 Ke7 73. Re2+ 1-0

[Event "Yerevan op 2nd"]
[Site "Yerevan"]
[Date "2017.09.20"]
[Round "2"]
[White "Seyranyan, Gor"]
[Black "Tavoosi Rad, Ramtin"]
[Result "1/2-1/2"]
[WhiteElo "1747"]
[BlackElo "2070"]
[PlyCount "108"]
[EventDate "2017.09.19"]
[EventType "swiss"]
[EventRounds "9"]
[EventCountry "ARM"]
[SourceTitle "CBM 180 Extra"]
[Source "ChessBase"]
[SourceDate "2017.10.06"]
[SourceVersion "1"]
[SourceVersionDate "2017.10.06"]
[SourceQuality "1"]

1. d4 Nf6 2. Nf3 e6 3. c4 c5 4. d5 exd5 5. cxd5 d6 6. Nc3 g6 7. e4 Bg7 8. Bb5+ Nfd7 9. Bf4 Qb6 10. Qb3 Qc7 11. Nd2 0-0 12. Bxd7 Qxd7 13. Nc4 Na6 14. 0-0 Qg4 15. Bxd6 Re8 16. f3 Qg5 17. Bg3 h5 18. Ne2 h4 19. Bf4 Qh5 20. h3 Nb4 21. Nd6 Rf8 22. a3 Na6 23. Nxc8 Raxc8 24. Qxb7 Nb8 25. Rfd1 Rfd8 26. Bc7 Rf8 27. d6 Nd7 28. Rd5 Qh8 29. Qb5 Rcd8 30. Bxd8 Rxd8 31. Rc1 Bxb2 32. Rcxc5 Bxa3 33. Rc7 Nb6 34. Rd3 Qa1+ 35. Kh2 Bb2 36. Qg5 Bf6 37. Qc1 Qe5+ 38. f4 Qxe4 39. Qd2 Nc4 40. Qc2 Ne3 41. Rxe3 Qxe3 42. Qc4 Rf8 43. d7 a5 44. Rc8 Qe7 45. Qc7 a4 46. Nc3 Qe3 47. Rxf8+ Kxf8 48. Qd6+ Kg8 49. Ne4 Bd8 50. Nf6+ Kg7 51. Nd5 Qg3+ 52. Kg1 Qe1+ 53. Kh2 Qg3+ 54. Kg1 Qe1+ 1/2-1/2

[Event "Gilan Friendship Cup"]
[Site "Gilan"]
[Date "2014.12.01"]
[Round "3"]
[White "Tavoosi Rad, Ramtin"]
[Black "Ezzati, Fereidoon"]
[Result "1-0"]
[WhiteElo "1913"]
[BlackElo "2219"]
[PlyCount "89"]
[EventDate "2014.11.30"]
[EventType "swiss"]
[EventRounds "9"]
[EventCountry "IRI"]
[SourceTitle "CBM 163 Extra"]
[Source "ChessBase"]
[SourceDate "2014.12.23"]
[SourceVersion "1"]
[SourceVersionDate "2014.12.23"]
[SourceQuality "1"]

1. e4 d6 2. d4 Nf6 3. Nc3 c6 4. f3 Nbd7 5. Be3 e5 6. Qd2 Be7 7. 0-0-0 a6 8. Nge2 b5 9. g4 Qc7 10. Ng3 exd4 11. Bxd4 Ne5 12. Qf2 Be6 13. Kb1 b4 14. Nce2 c5 15. Be3 Nfd7 16. Nf5 Bxf5 17. gxf5 Nc4 18. Nf4 Nxe3 19. Qxe3 Nb6 20. Nh5 0-0-0 21. Qd3 c4 22. Qd4 d5 23. Qxg7 dxe4 24. Bh3 Bd6 25. fxe4 Be5 26. Qh6 Rxd1+ 27. Rxd1 Rd8 28. Rf1 Qc5 29. Bg4 f6 30. Ng7 Qd4 31. Qc1 Rg8 32. Ne6 Qd6 33. Rd1 Qc6 34. Bf3 a5 35. Qe3 Kb8 36. Nf4 Qb5 37. Nd5 Na4 38. Rg1 Rxg1+ 39. Qxg1 b3 40. Qg8+ Kb7 41. Qf7+ Ka6 42. Qe6+ Nb6 43. Qxe5 Qa4 44. cxb3 cxb3 45. axb3 1-0

[Event "Rasht Baran Cup 7th 		  "]
[Site "Rasht"]
[Date "2014.06.24"]
[Round "4"]
[White "Azadbakhsh, Farshid"]
[Black "Tavoosi Rad, Ramtin"]
[Result "1-0"]
[WhiteElo "2139"]
[BlackElo "1840"]
[PlyCount "51"]
[EventDate "2014.06.22"]
[EventType "swiss"]
[EventRounds "9"]
[EventCountry "IRI"]
[SourceTitle "CBM 161 Extra"]
[Source "ChessBase"]
[SourceDate "2014.08.29"]
[SourceVersion "1"]
[SourceVersionDate "2014.08.29"]
[SourceQuality "1"]

1. Nf3 d5 2. g3 Bg4 3. Bg2 e6 4. c4 Bxf3 5. Bxf3 c6 6. b3 Nf6 7. Bb2 Bd6 8. 0-0 Qe7 9. d3 0-0 10. a3 a5 11. e3 Nbd7 12. Nc3 Rab8 13. d4 Rfd8 14. Re1 dxc4 15. bxc4 e5 16. Qc2 Bc7 17. Bg2 Nb6 18. Ne4 Nxe4 19. Bxe4 h6 20. f4 f6 21. Rac1 Nc8 22. Qg2 Re8 23. Bg6 Rd8 24. Bb1 Qd6 25. Qe4 Ne7 26. fxe5 1-0